Countries that Border China in Alphabetical Order - Statistics

General Stats
  • This quiz has been taken 17 times
  • The average score is 12 of 14
Answer Stats
Countries % Correct
India
94%
Kazakhstan
94%
Mongolia
94%
Afghanistan
88%
Bhutan
88%
Laos
88%
Nepal
88%
North Korea
88%
Russia
88%
Vietnam
88%
Kyrgyzstan
82%
Myanmar
82%
Tajikistan
82%
Pakistan
71%
No matching quizzes found
Score Distribution
Percent of People with Each Score
Percentile by Number Answered
Your Score History
You have not taken this quiz